00573nam a2200169 4500001000700000003000900007005001700016007000300033008004100036100001600077245008700093260005000180300003000230500007200260710004900332852002200381126684ES-MaACL20230906192848.0t|070214s1936 sp r ||||1| spa d1 aRevilla, A.10aCatálogo de los códices griegos de la Biblioteca de El Escorial /cA. Revilla. aMadrid : b[s.n.], c1936 (fImp. Helénica) aCXXXIV, 560 p. ; c25 cm. aEs el vol. I. Precede al Tit : Patronato de la Biblioteca Nacional.00aBiblioteca Nacional (España). bPatronato. aES-MaACLjB-13904